| 000 | 00405cam a2200145ua 4500 | ||
|---|---|---|---|
| 041 |
_aeng _h |
||
| 082 |
_a824 _bCHA/ON |
||
| 100 | _aChambers, R.W . | ||
| 245 |
_aOn the continuity of English prose from Altered to more and his school / _cR.W. Chambers. _hTextual Documents |
||
| 260 |
_a : _bThe early English text society , _c1966. |
||
| 300 | _a ; . | ||
| 504 | _a | ||
| 942 | _cBK | ||
| 999 |
_c735 _d735 |
||